|
|
|
|
| LEADER |
01249nam a2200301 a 4500 |
| 001 |
16847102 |
| 008 |
130516s2011 enk 000 0 eng d |
| 010 |
|
|
|a 2011453227
|
| 020 |
|
|
|a 9780194756136
|
| 020 |
|
|
|a 9780194756037
|
| 020 |
|
|
|a 9780194756211
|
| 040 |
|
|
|a DLC
|c DLC
|d DLC
|d BD-DhAAL.
|
| 082 |
0 |
0 |
|a 808/.0427
|2 23
|
| 100 |
1 |
|
|a Freire, Robert.
|
| 245 |
0 |
0 |
|a Listening and speaking /
|c Robert Freire, Tamara Jones, series consultants Marguerite Ann Show, Lawrence J. Zwier, vocabulary consultant Cheryl Boyd Zimmerman.
|
| 246 |
1 |
|
|i At head of title:
|a Q: Skills for success
|
| 260 |
|
|
|a Oxford ;
|a New York :
|b Oxford Univ Press,
|c 2011
|
| 300 |
|
|
|a xviii, 245 p. :
|b ill. (some col.) ;
|c 26 cm.
|
| 490 |
0 |
|
|a Q: Skills for Success 4
|
| 541 |
|
|
|e 27036
|
| 650 |
|
0 |
|a English language
|v Textbooks for foreign speakers.
|
| 650 |
|
0 |
|a Listening.
|
| 700 |
1 |
|
|a Freire, Robert.
|
| 700 |
1 |
|
|a Jones, Marguerite Ann.
|
| 700 |
1 |
|
|a Zwier,Lawrence J.
|
| 700 |
1 |
|
|a Zimmerman, Cheryl Boyd.
|
| 999 |
|
|
|c 13423
|d 13423
|
| 952 |
|
|
|0 0
|1 0
|2 ddc
|4 0
|6 808_042700000000000_FRE
|7 0
|9 22361
|a BRACUL
|b BRACUL
|c GEN
|d 2012-05-16
|e STS International
|g 670.00
|l 3
|m 7
|o 808.0427 FRE
|p 3010027036
|r 2025-09-24
|s 2025-07-02
|t 1
|w 2012-05-16
|y BK
|x Transferred from BIL to BRACUL on 06/06/22
|